| 000 | 00618nam a2200205Ia 4500 | ||
|---|---|---|---|
| 003 | IN-BaIIA | ||
| 008 | 211028s9999 xx 000 0 eng d | ||
| 020 | _a0-471-35265-9 | ||
| 040 | _cIIA Library | ||
| 080 |
_a621 _bHAR |
||
| 100 |
_aHarris, Tedric A _99985 |
||
| 245 | 0 |
_aRolling bearing analysis _cTedric A Harris |
|
| 260 |
_aNew York _bJohn Wiley & Sons _c1966 |
||
| 300 | _axiv, 481p. | ||
| 650 | _aAstronomy and astrophysics thesaurus | ||
| 650 |
_aBearing _99986 |
||
| 650 |
_aMechanical engineering _9667 |
||
| 650 |
_aRolling contact loads _99987 |
||
| 942 | _cBK | ||
| 999 |
_c5764 _d5764 |
||